00528nam a2200133Ia 4500008004100000082001700041100004300058245007300101260007300174300001000247942001200257999001900269952010600288210430s9999 xx 000 0 und d a671.7 E379 E aGlenn O Mallory, Juan B. Hajdu9128861 aElectroless Plating Fundamental and Applications / cGlenn O Mallory aFloridabAmerican Electroplaters and Surface Finishers societyc1990 a539p. cBK2ddc c563492d563492 001040708NFICaSCMEbSCMEcGENd0006-07-11l0o671.7 E379 EpSCME-2413r2021-04-30w2021-04-30yBK